000 00721nam a2200229Ia 4500
003 OSt
005 20220918174324.0
006 a|||||r|||| 00| 0
007 ta
008 220917b |||||||| |||| 00| 0 eng d
024 _a11,589
037 _cTextual
040 _aARTS
_cARTS
_beng
041 _2eng
_aeng
082 _a/\:8627, J6
100 _aJaquin Noel
_949983
245 0 _aHuman hand - the living symbol
_b A study of the hand in relation to human conduct and living , with an explanation of the processes to be employed in its interpretation
260 _a[n.d.]
_b[s.n.]
_c1956
650 _aSPIRITUALISM
942 _h/\:8627, J6
_cTEXL
_2CC
999 _c152679
_d152679